|
|
|
|
| LEADER |
00000nam0a2200000 4500 |
| 001 |
95590 |
| 005 |
20231031110215.0 |
| 035 |
|
|
|a (RuTPU)RU\TPU\book\102352
|
| 035 |
|
|
|a RU\TPU\book\88122
|
| 090 |
|
|
|a 95590
|
| 100 |
|
|
|a 20060429d1976 k y0rusy50 ca
|
| 101 |
0 |
|
|a rus
|
| 102 |
|
|
|a RU
|
| 105 |
|
|
|a a z 001zy
|
| 200 |
1 |
|
|a Методы палеотектонических исследований в практике поисков нефти и газа
|f К. А. Машкович
|
| 210 |
|
|
|a Москва
|c Недра
|d 1976
|
| 215 |
|
|
|a 221 с.
|c ил.
|
| 320 |
|
|
|a Библиогр.: с. 212-220
|
| 610 |
1 |
|
|a нефтяные месторождения
|
| 610 |
1 |
|
|a газовые месторождения
|
| 610 |
1 |
|
|a поиски
|
| 610 |
1 |
|
|a разведка
|
| 610 |
1 |
|
|a тектонические исследования
|
| 610 |
1 |
|
|a палеотектонические исследования
|
| 610 |
1 |
|
|a нефть
|
| 610 |
1 |
|
|a газ
|
| 610 |
1 |
|
|a нефтегазоносность
|
| 675 |
|
|
|a 553.98.08
|v 3
|
| 675 |
|
|
|a 551.24
|v 3
|
| 700 |
|
1 |
|a Машкович
|b К. А.
|g Константин Андреевич
|
| 801 |
|
1 |
|a RU
|b 63413507
|c 20050926
|g PSBO
|
| 801 |
|
2 |
|a RU
|b 63413507
|c 20060429
|g PSBO
|
| 942 |
|
|
|c BK
|